[Event "Lyon op"]
[Site "Lyon"]
[Date "2007.10.31"]
[Round "2"]
[White "Petrov, Marian"]
[Black "L'Hermitte, Benjamin"]
[Result "1-0"]
[WhiteElo "2500"]
[BlackElo "1995"]
[PlyCount "49"]
[EventDate "2007.10.31"]
[EventType "swiss"]
[EventRounds "9"]
[EventCountry "FRA"]
[SourceTitle "EXT 2008"]
[Source "ChessBase"]
[SourceDate "2007.11.25"]
[SourceVersion "1"]
[SourceVersionDate "2007.11.25"]
[SourceQuality "1"]

1. e4 c5 2. Nf3 Nc6 3. Nc3 e6 4. d4 cxd4 5. Nxd4 a6 6. Nxc6 bxc6 7. Bd3 Nf6 8. e5 Nd5 9. Ne4 Qc7 10. f4 d6 11. c4 Nb6 12. exd6 Qa7 13. Be3 f5 14. Nc3 Bxd6 15. Qf3 c5 16. Qc6+ Ke7 17. Bxc5 Bxc5 18. Qxc5+ Kf7 19. 0-0 Bb7 20. Qe3 Rhc8 21. b3 Rd8 22. Rad1 Rd6 23. Bxf5 Nxc4 24. Qxa7 Rxa7 25. Bxh7 1-0

[Event "FRA-ch U18"]
[Site "Le Grand Bornand"]
[Date "2007.04.09"]
[Round "3"]
[White "L'Hermitte, Benjamin"]
[Black "Delorme, Axel"]
[Result "0-1"]
[WhiteElo "2040"]
[BlackElo "2305"]
[PlyCount "66"]
[EventDate "2007.04.07"]
[EventType "swiss"]
[EventRounds "9"]
[EventCountry "FRA"]
[SourceTitle "CBM 118 Extra"]
[Source "ChessBase"]
[SourceDate "2007.07.04"]
[SourceVersion "1"]
[SourceVersionDate "2007.07.04"]
[SourceQuality "1"]

1. e4 c5 2. Nf3 d6 3. d4 cxd4 4. Nxd4 Nf6 5. Nc3 a6 6. Be2 e5 7. Nb3 Be7 8. Be3 Be6 9. 0-0 Nbd7 10. f3 0-0 11. Nd5 Bxd5 12. exd5 h6 13. Qd2 Nh7 14. f4 exf4 15. Bxf4 Bg5 16. Bxg5 Nxg5 17. Qd4 Qe7 18. Rae1 Ne5 19. Nd2 f5 20. Bd3 Qf6 21. Rf4 Rae8 22. Ref1 Nxd3 23. Qxd3 Qxb2 24. Nc4 Qb4 25. Rxf5 Qc5+ 26. Ne3 Rxf5 27. Qxf5 Qxe3+ 28. Kh1 Qe5 29. Qd7 Rf8 30. Rxf8+ Kxf8 31. h4 Qe1+ 32. Kh2 Qxh4+ 33. Kg1 Qd4+ 0-1